Hỏi đáp về Nghị định 115/2005/NĐ-CP, Nghị định 80/2007/NĐ-CP, Nghị định 96/2010/NĐ-CP

Gồm các câu hỏi liên quan đến việc triển khai thực hiện nghị định 115/2007/NĐ-CP và nghị định 80/2007/NĐ-CP, nghị định 96/2010/NĐ-CP của Chính phủ về đổi mới trong quản lí hoạt động khoa học và công nghệ, kèm theo theo các văn bản quy phạm pháp luật....

Полное описание

Сохранить в:
Библиографические подробности
Формат:
Язык:Undetermined
Опубликовано: Hà Nội Khoa học và Kỹ thuật 2013
Предметы:
Метки: Добавить метку
Нет меток, Требуется 1-ая метка записи!
Thư viện lưu trữ: Trung tâm Học liệu Trường Đại học Cần Thơ
LEADER 01013nam a2200193Ia 4500
001 CTU_226484
008 210402s9999 xx 000 0 und d
082 |a 344.597095 
082 |b H428 
245 0 |a Hỏi đáp về Nghị định 115/2005/NĐ-CP, Nghị định 80/2007/NĐ-CP, Nghị định 96/2010/NĐ-CP 
245 0 |c Bộ Khoa học và Công nghệ 
260 |a Hà Nội 
260 |b Khoa học và Kỹ thuật 
260 |c 2013 
520 |a Gồm các câu hỏi liên quan đến việc triển khai thực hiện nghị định 115/2007/NĐ-CP và nghị định 80/2007/NĐ-CP, nghị định 96/2010/NĐ-CP của Chính phủ về đổi mới trong quản lí hoạt động khoa học và công nghệ, kèm theo theo các văn bản quy phạm pháp luật. 
650 |a Khoa học và pháp luật,Science and law 
650 |z Việt Nam,Vietnam 
910 |b nthai 
980 |a Trung tâm Học liệu Trường Đại học Cần Thơ